DICCIONARIO ENCICLOPEDICO ESPASA 1 (Registro nro. 9459)
[ vista simple ]
| 000 -LEADER | |
|---|---|
| fixed length control field | 00406nam a2200157 a 4500 |
| 001 - CONTROL NUMBER | |
| control field | 9459 |
| 005 - DATE AND TIME OF LATEST TRANSACTION | |
| control field | 20180713193443.0 |
| 008 - FIXED-LENGTH DATA ELEMENTS--GENERAL INFORMATION | |
| fixed length control field | 140415s1992 sp 000 0 spa d |
| 041 ## - LANGUAGE CODE | |
| Language code of text/sound track or separate title | spa |
| 082 ## - DEWEY DECIMAL CLASSIFICATION NUMBER | |
| Classification number | 036 |
| Item number | DIC |
| 245 00 - TITLE STATEMENT | |
| Title | DICCIONARIO ENCICLOPEDICO ESPASA 1 |
| 250 ## - EDITION STATEMENT | |
| Edition statement | 7a ed. |
| 260 ## - PUBLICATION, DISTRIBUTION, ETC. | |
| Place of publication, distribution, etc. | ESPAÑA : |
| Name of publisher, distributor, etc. | ESPASA CALPE, |
| Date of publication, distribution, etc. | 1992 |
| 300 ## - PHYSICAL DESCRIPTION | |
| Extent | 1789 |
| 650 14 - SUBJECT ADDED ENTRY--TOPICAL TERM | |
| Topical term or geographic name entry element | ENCICLOPEDIAS Y DICCIONARIOS |
| Withdrawn status | Lost status | Source of classification or shelving scheme | Damaged status | Not for loan | Collection code | Home library | Current library | Shelving location | Date acquired | Source of acquisition | Inventory number | Total Checkouts | Full call number | Barcode | Date last seen | Price effective from | Koha item type |
|---|---|---|---|---|---|---|---|---|---|---|---|---|---|---|---|---|---|
| Dewey Decimal Classification | Referencia | Biblioteca Karol Wojtyla | Biblioteca Karol Wojtyla | Área de silencio | 03/12/2013 | Compra | 151000000000000000066221 | '036 DIC | 23737 | 05/01/2026 | 03/12/2013 | Libro R |